| 000 | 00420nam a2200169Ia 4500 | ||
|---|---|---|---|
| 003 | STCL | ||
| 008 | 230729s9999 xx 000 0 und d | ||
| 020 | _a710080867 | ||
| 040 |
_aSTCL _cSTCL _bEN |
||
| 082 | _222 | ||
| 100 | _aDavies, Bernard | ||
| 245 | 4 | _aThe use of groups in social work practice | |
| 260 |
_bRoutledge and Kegan Paul _aLondon _c1975 |
||
| 300 | _a147 p | ||
| 546 | _aEnglish | ||
| 942 |
_2DDC _e22 _cBK |
||
| 999 |
_c90948 _d90948 |
||